| 000 | 01506cam a2200385 i 4500 | ||
|---|---|---|---|
| 001 | 15654193 | ||
| 003 | EG-ScBUE | ||
| 005 | 20250728093650.0 | ||
| 008 | 090310t2009 njua f b 001 0 eng d | ||
| 020 | _a0470131152 (cloth) | ||
| 020 | _a9780470131152 (cloth) | ||
| 035 | _a(OCoLC)ocn317457163 | ||
| 040 |
_aDLC _beng _erda _cDLC _dBTCTA _dC#P _dBWX _dCDX _dYDXCP _dDLC _dEG-ScBUE |
||
| 082 | 0 | 4 |
_a543.0873 _222 _bSCH |
| 100 | 1 |
_aSchalley, Christoph A., _d1968- _eauthor. _923020 |
|
| 245 | 1 | 0 |
_aMass Spectrometry and Gas-Phase Chemistry of Non-Covalent Complexes / _cChristoph A. Schalley, Andreas Springer. |
| 264 | 1 |
_aHoboken, N.J. : _bWiley, _c[2009] |
|
| 264 | 4 | _cc2009 | |
| 300 |
_axvi, 571 pages : _billustrations ; _c25 cm. |
||
| 336 |
_2rdacontent _atext _btxt |
||
| 337 |
_aunmediated _2rdamedia _bn |
||
| 338 |
_avolume _bnc _2rdacarrier |
||
| 490 | 0 | _aWiley-Interscience series in mass spectrometry | |
| 504 | _aIncludes bibliographical references and index. | ||
| 650 | 7 |
_aMass spectrometry. _2BUEsh _923022 |
|
| 650 | 7 |
_aSupramolecular chemistry. _2BUEsh _923023 |
|
| 650 | 7 |
_aBiopolymers _xSpectra. _2BUEsh _923024 |
|
| 650 | 7 |
_aComplex compounds _xSpectra. _2BUEsh _923025 |
|
| 650 | 7 |
_aIonized gases _xSpectra. _2BUEsh _923026 |
|
| 653 | _cApril2011 | ||
| 655 | _vReading book | ||
| 700 | 1 |
_aSpringer, Andreas, _d1977- _eauthor. _923027 |
|
| 942 |
_2ddc _cBB |
||
| 999 |
_c15104 _d15104 |
||